书目信息 |
| 题名: |
精神交往论
|
|
| 作者: | 陈力丹 著 | |
| 分册: | ||
| 出版信息: | 北京 中国人民大学出版社 2008 |
|
| 页数: | 17,501页 | |
| 开本: | 21cm | |
| 丛书名: | ||
| 单 册: | ||
| 中图分类: | A811.67 , G206 | |
| 科图分类: | ||
| 主题词: | 马克思主义--传播学--理论研究 | |
| 电子资源: | ||
| ISBN: | 978-7-300-09317-8 | |
| 000 | 00891nam0 2200253 450 | |
| 001 | 012004273358 | |
| 005 | 20091207094032.62 | |
| 010 | @a978-7-300-09317-8@dCNY39.80 | |
| 100 | @a20080901d2008 em y0chiy0110 ea | |
| 101 | 0 | @achi |
| 102 | @aCN@b110000 | |
| 105 | @ay z 000yy | |
| 106 | @ar | |
| 200 | 1 | @a精神交往论@9jing shen jiao wang lun@e马克思恩格斯的传播观@f陈力丹著 |
| 210 | @a北京@c中国人民大学出版社@d2008 | |
| 215 | @a17,501页@d21cm | |
| 330 | @a本书共分十六章,内容包括:历史唯物主义的精神交往观、从民族交往到世界交往、人的本质与精神交往、交往媒介——语言、交往媒介——文字和印刷术等。 | |
| 517 | 1 | @a马克思恩格斯的传播观@9ma ke si en ge si de chuan bo guan |
| 606 | 0 | @a马克思主义@x传播学@x理论研究 |
| 690 | @aA811.67@v4 | |
| 690 | @aG206@v4 | |
| 701 | 0 | @a陈力丹@9chen li dan@f(1951.2-)@4著 |
| 801 | 0 | @aCN@bNLC@c20091207 |
| 905 | @b20796831-35@dA811.67@e233@f5 | |
| 精神交往论:马克思恩格斯的传播观/陈力丹著.-北京:中国人民大学出版社,2008 |
| 17,501页;21cm |
| ISBN 978-7-300-09317-8:CNY39.80 |
| 本书共分十六章,内容包括:历史唯物主义的精神交往观、从民族交往到世界交往、人的本质与精神交往、交往媒介——语言、交往媒介——文字和印刷术等。 |
| ● |
| 相关链接 |
|
|
|
|
正题名:精神交往论
索取号:A811.67/233
 
预约/预借
| 序号 | 登录号 | 条形码 | 馆藏地/架位号 | 状态 | 备注 |
| 1 | 796831 | 207968314 | 第一样本阅览室/ [索取号:A811.67/233] | 在馆 | |
| 2 | 796832 | 207968323 | 第一借阅区/ [索取号:A811.67/233] | 在馆 | |
| 3 | 796833 | 207968332 | 第一借阅区/ [索取号:A811.67/233] | 在馆 | |
| 4 | 796834 | 207968341 | 第一借阅区/ [索取号:A811.67/233] | 在馆 | |
| 5 | 796835 | 207968350 | 第一借阅区/ [索取号:A811.67/233] | 在馆 |